| 000 | 00800cam a22002413a 4500 | ||
|---|---|---|---|
| 001 | 7123 | ||
| 003 | PGUSA | ||
| 005 | 20140828083141.0 | ||
| 008 | 041201s2004||||xxu|||||s|||||000 | eng d | ||
| 040 |
_aPGUSA _beng |
||
| 042 | _adc | ||
| 050 | 4 | _aSB | |
| 100 | 1 |
_aRockwell, F. F. _q(Frederick Frye), _d1884-1976 |
|
| 245 | 1 | 0 |
_aHome Vegetable Gardening : _bA Complete and Practical Guide to the Planting and Care of All Vegetables, Fruits and Berries Worth Growing for Home Use _h[electronic resource] / _cF. F. Rockwell |
| 260 |
_bProject Gutenberg, _c2004 |
||
| 506 | _aPublic domain in the USA. | ||
| 516 | _aElectronic text | ||
| 653 | _aFruit-culture | ||
| 653 | _aVegetable gardening | ||
| 830 | 0 |
_aProject Gutenberg _v7123 |
|
| 856 | 4 | 0 | _uhttp://www.gutenberg.org/ebooks/7123 |
| 942 | _cEB | ||
| 999 |
_c236443 _d236443 |
||